000
00276nam a2200133Ia 4500
100
_a
Hutty/Roger
942
_c
BK
654
_a
Fortran
245
_a
Fortran For Stundents
260
_b
Mac Millian
_a
Hong Kong
_c
1982
082
_a
1.6
300
_a
99
546
_a
ENGLISH
999
_c
20472
_d
20472